=LDR 00000nam 2200000 4500 =001 000399 =005 20250710032231 =035 ##$$a 0010-0725000261 =007 ta =008 250710################a##########0#ind## =020 ##$$a 978-623-118-821-2 =082 ##$$a 398.209 598 =084 ##$$a 398.209 598 SOP b =100 #$$a Sophia A., Grace Mariana =245 1#$$a Bermain Sapintrong, Yuk! /$c Ina Inong =250 ##$$a Cetakan Pertama =260 ##$$a Jakarta :$b Kemendikbud,$c 2023 =300 ##$$a 28 hlm. : $b ilus. ; $c 29,7 cm =990 ##$$a TBM01230123